Normal view
MARC view
- Patrick, Don
Entry Personal Name
001 - CONTROL NUMBER
- control field: 4413
003 - CONTROL NUMBER IDENTIFIER
- control field: OSt
005 - DATE AND TIME OF LATEST TRANSACTION
- control field: 20170515121253.0
008 - FIXED-LENGTH DATA ELEMENTS
- fixed length control field: 170515|| aca||aabn | a|a d
040 ## - CATALOGING SOURCE
- Original cataloging agency: OSt
- Transcribing agency: OSt
100 ## - HEADING--PERSONAL NAME
- Personal name: Patrick, Don
670 ## - SOURCE DATA FOUND
- Source citation: Work cat.: (OSt)0: Patrick, Don, 'Corruption' is my name & 'destruction' is my game :, 2010

PORTAL AKMAL
E-MEL JKDM
AKMAL2U
G-BAM
u-PUSTAKA